An advertisement of concern to the city and nati[on]. : These are to signifie, that the famous and most approved lozenges, made by John Piercy, Gent. whose ability and skill is so well known, for these 27. years and upwards ...

Bibliographic Details
Main Author: Piercy, John, fl. 1665
Format: eBook
Language:English
Published: [London : publisher not identified 1665?]
Series:Early English books online.
Subjects:
Online Access:Connect to the full text of this electronic book

MARC

Tag First Indicator Second Indicator Subfields
LEADER 00000nam a2200000 4500
001 in00004187313
005 20200806082636.0
006 m g d
007 cr bn |||a|bb|
008 981214s1665 enk o 00 eng d
035 |a (UnM)99888655 
037 |a CL2105000002  |b ProQuest Information and Learning. 300 N. Zeeb Rd., Ann Arbor, MI 48106 
040 |a Cu-RivES  |c Cu-RivES  |e dcrb 
100 1 |a Piercy, John,  |d fl. 1665. 
245 1 3 |a An advertisement of concern to the city and nati[on]. :  |b These are to signifie, that the famous and most approved lozenges, made by John Piercy, Gent. whose ability and skill is so well known, for these 27. years and upwards ... 
246 2 |a Advertisement of concern to the city and nation 
260 |a [London :  |b publisher not identified  |c 1665?] 
300 |a 1 online resource (1 sheet ([1] pages). 
336 |a text  |b txt  |2 rdacontent 
337 |a computer  |b c  |2 rdamedia 
338 |a online resource  |b cr  |2 rdacarrier 
500 |a Imprint information from Wing. 
500 |a Title taken from caption and first lines of text. 
500 |a With section entitled: "Directions for the taking and so much approved Lozenges." 
500 |a Imperfect: torn at head, with some loss of text. 
500 |a Reproduction of original in the British Library. 
510 4 |a Wing (CD-ROM, 1996)  |c P2211A 
510 4 |a Early English books tract supplement interim guide  |c C.112.f.9[62] 
533 |a Electronic reproduction.  |b Ann Arbor, Mich. :  |c UMI,  |d 1999-  |f (Early English books online)  |n Digital version of: (Early English books; Tract supplement ; E8:1[62])  |7 s1999 miun s 
650 0 |a Advertising  |x Drugs  |v Early works to 1800. 
655 7 |a Broadsides  |z England  |y 17th century.  |2 rbgenr 
650 0 |a Medicine  |x Formulae, receipts, prescriptions  |v Early works to 1800. 
830 0 |a Early English books online. 
856 4 0 |u http://proxy.library.tamu.edu/login?url=https://search.proquest.com/docview/2240901828  |z Connect to the full text of this electronic book  |t 0 
999 f f |s caaad327-89d7-3c84-88aa-f5a2f1bc98c2  |i 1ff8112c-9885-36bd-be61-eae22bacedc7  |t 0 
952 f f |a Texas A&M University  |b College Station  |c Electronic Resources  |d Available Online  |t 0  |h No information provided 
998 f f |t 0  |l Available Online